000 00959nam a2200265 a 4500
001 1673848
005 20210414113914.0
008 981112s1999 mauab b 001 0 eng
010 _a 98072034
020 _a0395893518
040 _aDLC
_cDLC
050 0 4 _aHD31.G763
082 0 0 _a658
_221
100 1 _aGriffin, Ricky W.
245 1 0 _aManagement /
_cRicky W. Griffin.
250 _a6th ed.
260 _aBoston :
_bHoughton Mifflin Co.,
_cc1999.
300 _axxxi, 747 p. :
_b ill.,
_c26 cm.
504 _aIncludes bibliographical references and indexes.
505 _aContents: An Introduction to management -- The Environmental context of management -- Planning and decision making -- The Organising process -- The Leading process -- The Controlling process.
650 0 _aManagement.
906 _a7
_bcbc
_corignew
_d2
_eopcn
_f19
_gy-gencatlg
942 _2lcc
_cBK
999 _c534
_d8034